Friday the scaredy cat / (Record no. 5574)

MARC details
000 -LEADER
fixed length control field 01167cam a2200373 a 4500
001 - CONTROL NUMBER
control field 5574
003 - CONTROL NUMBER IDENTIFIER
control field FISKH
005 - DATE AND TIME OF LATEST TRANSACTION
control field 20241218141850.0
008 - FIXED-LENGTH DATA ELEMENTS--GENERAL INFORMATION
fixed length control field 110310s2011 nyua b 000 1 eng
010 ## - LIBRARY OF CONGRESS CONTROL NUMBER
LC control number 2011005795
020 ## - INTERNATIONAL STANDARD BOOK NUMBER
International Standard Book Number 9781442436121
020 ## - INTERNATIONAL STANDARD BOOK NUMBER
International Standard Book Number 9781442422933
020 ## - INTERNATIONAL STANDARD BOOK NUMBER
International Standard Book Number 9781442422933 (pbk. : alk. paper)
020 ## - INTERNATIONAL STANDARD BOOK NUMBER
International Standard Book Number 1442422939 (pbk. : alk. paper)
020 ## - INTERNATIONAL STANDARD BOOK NUMBER
International Standard Book Number 9781442435162 (ebook)
040 ## - CATALOGING SOURCE
Original cataloging agency DLC
Transcribing agency DLC
Modifying agency DLC
Language of cataloging eng
050 ## - LIBRARY OF CONGRESS CALL NUMBER
Classification number PZ7.M478752
082 ## - DEWEY DECIMAL CLASSIFICATION NUMBER
Classification number 813.6
100 1# - MAIN ENTRY--PERSONAL NAME
Personal name McMahon, Kara.
245 10 - TITLE STATEMENT
Title Friday the scaredy cat /
Statement of responsibility, etc. by Kara McMahon ; illustrated by Maddy McClellan.
260 ## - PUBLICATION, DISTRIBUTION, ETC.
Place of publication, distribution, etc. New York :
Name of publisher, distributor, etc. Simon Spotlight,
Date of publication, distribution, etc. 2011.
300 ## - PHYSICAL DESCRIPTION
Extent 22 unnumbered pages :
Other physical details color illustrations ;
Dimensions 23 cm
490 0# - SERIES STATEMENT
Series statement Ready-to-read. Level one
505 ## - FORMATTED CONTENTS NOTE
Formatted contents note G
520 ## - SUMMARY, ETC.
Summary, etc. Friday, an almost all black cat, is afraid of many things, despite his four big fangs.
521 8# - TARGET AUDIENCE NOTE
Target audience note 400<br/>
Source Lexile<br/>
521 8# - TARGET AUDIENCE NOTE
Target audience note G<br/>
Source Raz-Plus<br/>
650 #1 - SUBJECT ADDED ENTRY--TOPICAL TERM
Topical term or geographic name entry element Cats
Form subdivision Fiction.
650 #1 - SUBJECT ADDED ENTRY--TOPICAL TERM
Topical term or geographic name entry element Fear
Form subdivision Fiction.
700 1# - ADDED ENTRY--PERSONAL NAME
Personal name McClellan, Maddy,
Relator term illustrator
906 ## - LOCAL DATA ELEMENT F, LDF (RLIN)
a 7
b cbc
c orignew
d 1
e ecip
f 20
g y-gencatlg
942 ## - ADDED ENTRY ELEMENTS (KOHA)
Source of classification or shelving scheme Dewey Decimal Classification
Koha item type Books
Suppress in OPAC No
Holdings
Withdrawn status Lost status Source of classification or shelving scheme Damaged status Not for loan Collection Home library Current library Shelving location Date acquired Total Checkouts Full call number Barcode Date last seen Price effective from Koha item type
    Dewey Decimal Classification     Juvenile Fiction Footprints International School Library Network Toul Kork Campus Footprints International School Library Network Toul Kork Campus TK Primary Library Room(4th Floor), Bookcase 1&2, Shelves 1-16, Dark Blue Books 12/18/2024   MCM 813.6 PZ7.M478752 FISTK01097 12/18/2024 12/18/2024 Books